000 00692nam a22002057a 4500
999 _c11046
_d11046
003 AR-CdUCM
008 190402b ||||| |||| 00| 0 spa d
040 _aMUNICIPALIDAD PROVINCIAL DEL CUSCO
_cBIBLIOTECA MUNICIPAL DEL CUSCO
082 _a869.56 /
_bAV91H / 1982
100 _aAvendaño, Ángel
_9875
245 _aHistoria en mesa pelada /
260 _aLima :
_bAntarki,
_c1982.
300 _a117 páginas ;
_c20 cm.
505 _aContenido: Historia de Rufino Yawarkani -- Los dirigentes -- El día que llegaron los aviones -- El sol sale para todos.
650 _aLiteratura Peruana
_9132
650 _aCusco
_9772
650 _aSiglo XX
_98
942 _2ddc
_cLIBROS
945 _aachl